000 00648nam a2200193Ia 4500
003 GCL
008 140319s9999 xx 000 0 ara d
020 _a3023069960
040 _aGCL /
_cGCL
082 0 4 _a539.7
_bع ف
100 1 _aعبدالفتاح ابراهيم هلال
245 1 0 _aالفيزياء الذرية /
_cعبدالفتاح ابراهيم هلال
260 _aالرياض :
_bجامعة الملك عبدالعزيز ،
_c1994
300 _a304 ص ؛
_c24 سم
650 0 4 _aالفيزياء الذرية
650 0 4 _aالفيزياء النووية
650 0 4 _aالفيزياء الاشعاعية
942 _2ddc
_cBK
999 _c6902
_d6902